Регионална библиотека "Любен Каравелов" - Русе

Тити рисува букви (Запис номер 434616)

MARC детайли
000 -Лидер
Контролно поле с фиксирана дължина 01979nam a2200421 a 4500
003 - Код на организацията, давaща контролен номер
Контролно поле BLK
005 - Дата и час на последна редакция
Контролно поле 20240322175936.0
008 - Елементи от данни с фиксирана дължина
fixed length control field 180409b bul|||||r ||||||| ||bul||
010 ## - Наследен системен номер
LC control number KNG00104717000
020 ## - Международен стандартен номер на книга ISBN
Международен стандартен номер на книга ISBN 9789543652525
040 ## - Източник на каталожния запис
Идентификатор на билиотеката - собственик на записа BLK
041 ## - Код за език
Код за езика на текст/звукозапис или на отделно заглавие Български
Код за езика КДБФ Български
080 ## - УДК
Текстов определител УДК Възпитание, образование и обучение на специални групи и лица. Дефектология
УДК код - определител по УДК 376
УДК - код + определител 376.016:003-028.31(076)
080 ## - УДК
Текстов определител УДК Възпитание, образование и обучение на специални групи и лица. Дефектология
УДК код - определител по УДК 376
УДК - код + определител 376.016:028.1(076)
100 1# - Редна дума - Автор
Автор Филипова, Ралица
Авторска отговорност първи автор
R(LIN) 300765
139 ## - Редно поле
Редна дума Филипова, Ралица
Авторски знак Фили - Ф 50
245 10 - Сведения за заглавието
Заглавие Тити рисува букви
Подзаглавни данни Книга-игра за деца и родители : помагало за деца с дислексия
Редно поле (дума) Ралица Филипова; худож. Антоанета Костова
Том Ч. 2
257 ## - Страна на издаване
Страна на създаване/издаване България
260 ## - Област на издателските данни
Място на издаване, разпространение и проч. София
Име на издателя, разпространителя и проч. Еднорог
Година на издаване 2021
300 ## - Физическа характеристика
Илюстрации и др. с ил.
Размери/Мащаб 20Х20 см
380 ## - Жанр
Жанр Детска отраслова лит.
500 ## - Общи забележки
Забележка Биогр. данни за авт. отбелязани на гърба на кор.
650 #7 - Допълнително описание по предмет – тема
9 (RLIN) 153542
Основно описание – тема или топоним Дислексия
653 #7 - Ключова дума – ненормативна
9 (RLIN) 185269
Ключова дума дислексия
653 #7 - Ключова дума – ненормативна
9 (RLIN) 199098
Ключова дума учебни помагала
700 ## - Други автори (авторска отговорност)
9 (RLIN) 1637
Лично име Костова, Антоанета
Автороска отговорност (Описва отношението между автора и произведението) худож.
760 ## - Описание на основната серия
Страници - том 96 с.
Част - том Ч. 2
Редна дума на основното описание Филипова, Ралица
Място на издаване, издател и година София, 2021
Заглавие Тити рисува букви : книга-игра за деца и родители : помагало за деца с дислексия
852 ## - Местоположение
Форматна сигнатура Цб 307798
Фондова буква Хранилище
856 4# - Електронен адрес и достъп
Електронен формат pdf - файл
Инструкция (цена за достъп) 0.00
Права за достъп disable
856 4# - Електронен адрес и достъп
Електронен формат pdf - файл
Инструкция (цена за достъп) 0.00
Права за достъп disable
999 ## - СИСТЕМНИ КОНТРОЛНИ НОМЕРА
Koha biblionumber 434616
Koha biblioitemnumber 434616
942 ## - АРТИКУЛИ
Вид на библиотечния материал Книги
Скрит в OPAC Не
Периодичен библиозапис Да
Koha issues (borrowed), all copies 8
944 ## - СЪЗДАВАНЕ И РЕДАКЦИЯ на ЗАПИСА
Създаване/Редакция Създаване
Дата на регистрацията/редакция 2021-06-10
Служител, извършил регистрацията/редакцията 30543
Статус, дата на статуса Ива Цветкова
999 ## - СИСТЕМНИ КОНТРОЛНИ НОМЕРА
Koha biblioitemnumber 434616
999 ## - СИСТЕМНИ КОНТРОЛНИ НОМЕРА
Koha biblioitemnumber 434616
999 ## - СИСТЕМНИ КОНТРОЛНИ НОМЕРА
Koha biblioitemnumber 419010
999 ## - СИСТЕМНИ КОНТРОЛНИ НОМЕРА
Koha biblioitemnumber 419010
999 ## - СИСТЕМНИ КОНТРОЛНИ НОМЕРА
Koha biblioitemnumber 419010
Наличности
Код за отписване Код за изгубен артикул Източник на класификационната схема Код за повреда Коз за рестрикции Код за отдаване Артикулен № Име на библиотеката - собственик Име на библиотеката, в която се намира в момента Статус (Текущо местоположение) Дата на вписване в системата Местоположение - отдел Цена в лева Систематично азбучна сигнатура Баркод Цена в евро Служебен тип на артикула
  Не е изгубен Universal Decimal Classification Не е повреден само за читалня ползва се в читалня 858725 Регионална библиотека "Любен Каравелов" Русе Регионална библиотека "Любен Каравелов" Русе Хранилище 2021-10-26 Хранилище 19.90 Цб 309691 120000861260 10.17 Книги
  Не е изгубен Universal Decimal Classification Не е повреден без рестрикции заемане за дома 913729 Регионална библиотека "Любен Каравелов" Русе Регионална библиотека "Любен Каравелов" Русе Детски отдел 2022-11-24 Детски отдел 14.93 3/Ф 50 Р 120000878860 7.63 Книги
  Не е изгубен Universal Decimal Classification Не е повреден без рестрикции заемане за дома 913730 Регионална библиотека "Любен Каравелов" Русе Регионална библиотека "Любен Каравелов" Русе Детски отдел 2022-11-24 Детски отдел 14.93 3/Ф 50 Р 120000878861 7.63 Книги
Vip Innovations Ltd, Rousse, Bulgaria 2025